Package of practices recommendations: Crops (Record no. 42480)

MARC details
000 -LEADER
fixed length control field 00303nam a2200109Ia 4500
082 ## - DEWEY DECIMAL CLASSIFICATION NUMBER
Classification number 633(035)
Item number KAU
245 #0 - TITLE STATEMENT
Title Package of practices recommendations: Crops
250 ## - EDITION STATEMENT
Edition statement Ed.12
260 ## - PUBLICATION, DISTRIBUTION, ETC. (IMPRINT)
Place of publication Thrissur
Name of publisher Kerala Agricultural University
Year of publication 2002
942 ## - ADDED ENTRY ELEMENTS (KOHA)
Koha item type Reference
Holdings
Withdrawn status Lost status Damaged status Not for loan Home library Current library Date acquired Cost, normal purchase price Full call number Accession Number Koha item type
        RRII Library RRII Library 16/12/2021 60.00 633(035) KAU 22752 Books